| 000 | 00506cam a22001931a 4500 | ||
|---|---|---|---|
| 001 | sa 68020377 | ||
| 003 | DLC | ||
| 005 | 20260227112724.0 | ||
| 008 | 830328s1964 io a 000 0 ind | ||
| 010 | _asa 68020377 | ||
| 035 | _a(OCoLC)9351423 | ||
| 040 |
_aDLC _cOAU _dDLC |
||
| 042 | _apremarc | ||
| 050 | 0 | 0 |
_aHQ10 _b.K86 |
| 245 | 1 | 0 | _aKursus persiapan perkawinan. |
| 260 |
_aSemarang : _bUtusan Pastoran Kebondalem, _c[1964?] |
||
| 300 |
_a235 p. : _bill., _c22 cm. |
||
| 650 | 0 | _aMarriage counseling. | |
| 999 |
_c89388 _d89388 |
||